000 00536nam a22001697a 4500
010 _aENG-143685
020 _c65.00
_a9788172088767
035 _aEN-127217
037 _bDBAD/PUB
082 _a230.35
_21
100 _aRita Bruce
_977299
245 _aSathya Sai Parenting
_cRita Bruce
_hEnglish
260 _aINIDIA
_bSai Sathya sadhana Trust
_c2012
270 _aPrasanthi Nilayam, P.O. 515 134. Anantapur Dist. A.P. india
_bAnantapur
_e515134
300 _a275p;
_c22CM(pbk)
942 _cEN
_h230.35
_2ddc
_mBru
999 _c208903
_d208903